Statistics for Finish the Team - NFL

Click here to take the quiz!

General Stats

  • This quiz has been taken 41 times
  • The average score is 26 of 29

Answer Stats

HintAnswer% Correct
San Francisco49ers
97%
ChicagoBears
97%
BuffaloBills
97%
Kansas CityChiefs
97%
DallasCowboys
97%
MiamiDolphins
97%
New YorkJets
97%
DenverBroncos
94%
Green BayPackers
94%
New EnglandPatriots
94%
HoustonTexans
94%
Tampa BayBuccaneers
92%
BaltimoreRavens
92%
SeattleSeahawks
92%
PittsburghSteelers
92%
MinnesotaVikings
92%
ClevelandBrowns
89%
IndianapolisColts
89%
WashingtonCommanders
89%
PhiladelphiaEagles
89%
JacksonvilleJaguars
89%
New OrleansSaints
89%
CincinattiBengals
86%
ArizonaCardinals
86%
DetroitLions
86%
CarolinaPanthers
86%
TennesseeTitans
83%
Las VegasRaiders
78%
Los AngelesRams
78%

Score Distribution

Percentile by Number Answered

Percent of People with Each Score

Your Score History

You have not taken this quiz